| 000 | 00752nam0a22002411 4500 | ||
|---|---|---|---|
| 001 | rc\2162 | ||
| 005 | 20260407071707.0 | ||
| 010 |
_a5-211-00933-9 _96500 |
||
| 035 | _a(NLR Aleph) 005292681 | ||
| 090 |
_a6206593 _c6206593 |
||
| 100 | _a20021204d1991 u y0rusy50 ca | ||
| 101 | 0 | _arus | |
| 102 | _aRU | ||
| 105 | _aa ||||||||| | ||
| 200 | 1 |
_aСтраницы жизни _f[Послесл. Н.Н. Воронцова] |
|
| 210 |
_aМ. _cИзд-во МГУ _d1991 |
||
| 215 |
_a334, [2] с. _cил. _d22 |
||
| 700 | 1 |
_7ca _8rus _aЗавадовский _bМ. М. _f1891-1957 _gМихаил Михайлович _3RU\NLR\AUTH\770289036 _92693771 |
|
| 801 | 0 |
_aRU _bNLR _gpsbo |
|
| 801 | 1 |
_aRU _bELAR _2rusmarc |
|
| 852 |
_aNLR _j91-5/5339 |
||
| 942 | _cBOOK | ||
| 980 | _aNB | ||